| 000 | 00000nam##2200000za#4500 |
| 001 | 9.615811 |
| 003 | CaOODSP |
| 005 | 20210929082757 |
| 007 | ta |
| 008 | 150406|2001||||xxc||||| f|0| 0 eng|d |
| 020 | |a0-662-31147-7 |
| 022 | |a0830-0453 |
| 040 | |aCaOODSP|beng |
| 043 | |an-cn--- |
| 086 | 1 |aFo46-17/389-2001E |
| 110 | 1 |aCanada. |bNatural Resources Canada. |bCanadian Forest Service. |
| 245 | 10|aDirectory of secondary manufacturing of wood products in British Columbia / |cby Bill Wilson and Brad Stennes. |
| 250 | |aRevised edition. |
| 260 | |aVictoria - British Columbia : |bNatural Resources Canada. |c2001. |
| 300 | |avii, 216p. ; |c28 cm. |
| 490 | 1 |aInformation report. [BC-X series]|x0830-0453|vBC-X-389 |
| 500 | |a"The information used to prepare this directory was part of a project to examine the structure and significance of secondary manufacturing in the British Columbia (BC) forest industry."--Introduction. "The information was collected for the 1999 business year by a direct survey of British Columbia secondary manufacturing."--Abstract. N.B.: Microfiches of this publication may be purchased from: MicroMedia Inc., 240 Catherine Street, Suite 305, Ottawa ON K2P 2G8. |
| 520 | 3 |aThe information used to prepare this directory was part of a project to examine the structure and significance of secondary manufacturing in the British Columbia (BC) forest industry.--Introduction The information was collected for the 1999 business year by a direct survey of British Columbia secondary manufacturing.--Abstract |
| 546 | |aRésumé en français |
| 563 | |aSoftcover |
| 590 | |a02-04|b2002-01-25 |
| 690 | 07|aWood|2gcpds |
| 690 | 07|aManufacturing industry|2gcpds |
| 720 | 1 |aStennes, Brad |
| 720 | 1 |aWilson, Bill |
| 776 | 0#|tDirectory of secondary manufacturing of wood products in British Columbia / |w(CaOODSP)9.573072 |
| 830 | #0|aInformation report (Pacific Forestry Centre)|x0830-0453|vBC-X-389|w(CaOODSP)9.514663 |